अध्यापक शिक्षा / (Record no. 120068)
[ view plain ]
| 000 -LEADER | |
|---|---|
| fixed length control field | 00952nam a22002417a 4500 |
| 005 - DATE AND TIME OF LATEST TRANSACTION | |
| control field | 20170124103152.0 |
| 010 ## - LIBRARY OF CONGRESS CONTROL NUMBER | |
| LC control number | A-934621 |
| 020 ## - INTERNATIONAL STANDARD BOOK NUMBER | |
| Terms of availability | 00.00 |
| 035 ## - SYSTEM CONTROL NUMBER | |
| System control number | A-934621 |
| 037 ## - SOURCE OF ACQUISITION | |
| Source of stock number/acquisition | Cen Lib/Ret |
| 040 ## - CATALOGING SOURCE | |
| Original cataloging agency | DPL |
| Language of cataloging | HN |
| 082 ## - DEWEY DECIMAL CLASSIFICATION NUMBER | |
| Classification number | 370.71 |
| Item number | सक्सेना |
| 100 ## - MAIN ENTRY--PERSONAL NAME | |
| Personal name | सक्सेना, एन.आर. |
| 9 (RLIN) | 88334 |
| 245 ## - TITLE STATEMENT | |
| Title | अध्यापक शिक्षा / |
| Statement of responsibility, etc | एन.आर. सक्सेना |
| 246 ## - VARYING FORM OF TITLE | |
| Title proper/short title | Adhyapak shiksha |
| Remainder of title | by N.R. Saxena |
| 300 ## - PHYSICAL DESCRIPTION | |
| Extent | 344पृष्ठ. |
| Dimensions | 20सेमी(सजिल्द) |
| 500 ## - GENERAL NOTE | |
| General note | सन्दर्भ ग्रन्थ सूची शामिल |
| 650 ## - SUBJECT ADDED ENTRY--TOPICAL TERM | |
| Topical term or geographic name as entry element | शिक्षा - अध्यापक |
| 9 (RLIN) | 88335 |
| 650 ## - SUBJECT ADDED ENTRY--TOPICAL TERM | |
| Topical term or geographic name as entry element | राष्ट्रीय शिक्षा नीति |
| 9 (RLIN) | 4923 |
| 650 ## - SUBJECT ADDED ENTRY--TOPICAL TERM | |
| Topical term or geographic name as entry element | Education - teacher |
| 9 (RLIN) | 88336 |
| 650 ## - SUBJECT ADDED ENTRY--TOPICAL TERM | |
| Topical term or geographic name as entry element | The National Education Policy |
| 9 (RLIN) | 88337 |
| 942 ## - ADDED ENTRY ELEMENTS (KOHA) | |
| Source of classification or shelving scheme | Dewey Decimal Classification |
| Koha item type | Hindi Books |
| Classification part | 370.71 |
| Call number suffix | सक्सेना |
| Withdrawn status | Lost status | Damaged status | Not for loan | Home library | Current library | Date acquired | Source of acquisition | Cost, normal purchase price | Total Checkouts | Full call number | Barcode | Date last seen | Date checked out | Copy number | Cost, replacement price | Price effective from | Koha item type |
|---|---|---|---|---|---|---|---|---|---|---|---|---|---|---|---|---|---|
| Central Library | Central Library | 21/09/2015 | Cen Lib/Ret | 0.00 | 3 | 370.71 सक्सेना | A-934621 | 23/02/2018 | 09/02/2018 | 1 | 0.00 | 21/09/2015 | Hindi Books |
